[Event "45th Olympiad 2024"]
[Site "Budapest HUN"]
[Date "2024.09.14"]
[Round "4.16"]
[Board "3"]
[White "Hossain, Enamul"]
[Black "Fressinet, Laurent"]
[Result "0-1"]
[WhiteTitle "GM"]
[BlackTitle "GM"]
[WhiteElo "2354"]
[BlackElo "2616"]
[WhiteTeam "Bangladesh"]
[BlackTeam "France"]
[WhiteFideId "10200649"]
[BlackFideId "608742"]
[EventDate "2024.09.11"]

1. e4 e5 2. Nf3 Nc6 3. Bc4 Nf6 4. d3 Bc5 5. c3 d6 6. a4 a5 7. O-O Ba7 8. Re1 O-O
9. h3 Be6 10. Bxe6 fxe6 11. Be3 Bxe3 12. Rxe3 d5 13. Na3 d4 14. Re1 Nh5 15. cxd4
exd4 16. Nb5 Nf4 17. e5 Qe8 18. Nfxd4 Nxd4 19. Nxd4 Rd8 20. Re4 c5 21. Nb5 Qg6
22. Rxf4 Rxf4 23. Qc1 Rdf8 24. Qxc5 Rxf2 25. Qxf2 Rxf2 26. Kxf2 Qxd3 27. Re1
Qc2+ 28. Re2 Qxa4 29. Nd6 b5 0-1

[Event "45th Olympiad 2024"]
[Site "Budapest HUN"]
[Date "2024.09.14"]
[Round "4.16"]
[Board "4"]
[White "Lagarde, Maxime"]
[Black "Murshed, Niaz"]
[Result "1-0"]
[WhiteTitle "GM"]
[BlackTitle "GM"]
[WhiteElo "2598"]
[BlackElo "2318"]
[WhiteTeam "France"]
[BlackTeam "Bangladesh"]
[WhiteFideId "662399"]
[BlackFideId "10200010"]
[EventDate "2024.09.11"]

1. e4 e5 2. Nf3 Nc6 3. Bb5 a6 4. Ba4 Nf6 5. O-O Be7 6. Re1 b5 7. Bb3 d6 8. c3
O-O 9. h3 Bb7 10. d3 h6 11. Be3 d5 12. Nbd2 d4 13. cxd4 exd4 14. Bf4 Na5 15. Bc2
c5 16. Nf1 Re8 17. Rc1 Bf8 18. Ng3 Bc8 19. b4 cxb4 20. Bb1 Ra7 21. Ne2 Nd7 22.
Nexd4 Nc5 23. Nb3 Naxb3 24. axb3 Be6 25. Bc2 f5 26. Ne5 Qf6 27. exf5 Bxf5 28.
Bg3 Ne6 29. d4 Bxc2 30. Rxc2 a5 31. Rce2 Nc7 32. d5 Ra6 33. Nd7 Qf7 34. Nxf8 1-0

[Event "45th Olympiad 2024"]
[Site "Budapest HUN"]
[Date "2024.09.14"]
[Round "4.17"]
[Board "1"]
[White "Ziska, Helgi Dam"]
[Black "Deac, Bogdan-Daniel"]
[Result "1/2-1/2"]
[WhiteTitle "GM"]
[BlackTitle "GM"]
[WhiteElo "2553"]
[BlackElo "2680"]
[WhiteTeam "Faroe Islands"]
[BlackTeam "Romania"]
[WhiteFideId "7200595"]
[BlackFideId "1226380"]
[EventDate "2024.09.11"]

1. e4 e5 2. Nf3 Nc6 3. Bb5 a6 4. Ba4 Nf6 5. O-O Bc5 6. c3 b5 7. Bb3 d6 8. d4 Bb6
9. Be3 O-O 10. Nbd2 Re8 11. Re1 h6 12. h3 Rb8 13. a3 Na5 14. Bc2 c5 15. dxe5
dxe5 16. b4 cxb4 17. axb4 Nc6 18. Nb3 Bxe3 19. Rxe3 Qb6 20. Qe1 Ra8 21. Na5 Nxa5
22. Rxa5 Nh5 23. Bd3 Rb8 24. Bf1 Nf4 25. c4 bxc4 26. Nxe5 Qxb4 27. Qa1 Qb1 28.
Nxc4 Rd8 29. Re1 Qxa1 30. Rexa1 Rb4 31. e5 Ng6 32. Nd6 Be6 33. Bxa6 Nxe5 34.
Rxe5 Rxd6 35. Bf1 g6 36. Ree1 Rb2 37. Re2 Rxe2 38. Bxe2 Kg7 39. Rd1 Rxd1+ 40.
Bxd1 1/2-1/2

[Event "45th Olympiad 2024"]
[Site "Budapest HUN"]
[Date "2024.09.14"]
[Round "4.17"]
[Board "2"]
[White "Shevchenko, Kirill"]
[Black "Nielsen, Hogni Egilstoft"]
[Result "1-0"]
[WhiteTitle "GM"]
[BlackTitle "FM"]
[WhiteElo "2673"]
[BlackElo "2379"]
[WhiteTeam "Romania"]
[BlackTeam "Faroe Islands"]
[WhiteFideId "14129574"]
[BlackFideId "7200404"]
[EventDate "2024.09.11"]

1. c4 Nf6 2. Nc3 c5 3. Nf3 Nc6 4. e3 e6 5. d4 d5 6. a3 dxc4 7. Bxc4 cxd4 8. exd4
Be7 9. O-O O-O 10. Re1 a6 11. Ba2 b5 12. d5 exd5 13. Nxd5 Nxd5 14. Qxd5 Bb7 15.
Qh5 Bf6 16. Bg5 Nd4 17. Ne5 g6 18. Nxg6 1-0

[Event "45th Olympiad 2024"]
[Site "Budapest HUN"]
[Date "2024.09.14"]
[Round "4.17"]
[Board "3"]
[White "Egilstoft, Rogvi"]
[Black "Lupulescu, Constantin"]
[Result "1/2-1/2"]
[WhiteTitle "FM"]
[BlackTitle "GM"]
[WhiteElo "2278"]
[BlackElo "2590"]
[WhiteTeam "Faroe Islands"]
[BlackTeam "Romania"]
[WhiteFideId "7200447"]
[BlackFideId "1207822"]
[EventDate "2024.09.11"]

1. e4 c5 2. c3 d5 3. exd5 Qxd5 4. d4 g6 5. Be3 cxd4 6. cxd4 Bg7 7. Nf3 Qa5+ 8.
Nbd2 Be6 9. b4 Qd8 10. Qa4+ Nd7 11. Ne4 Bd5 12. Bd3 Nf6 13. Nxf6+ exf6 14. O-O
Bxf3 15. gxf3 O-O 16. Rac1 Nb6 17. Qb3 f5 18. a4 Bxd4 19. Bxd4 Qxd4 20. Rfd1 Qf4
21. Bf1 Rad8 22. Kh1 Rxd1 23. Rxd1 Rc8 24. a5 Nc4 25. Qc3 Nd6 26. Qd3 Rd8 27. b5
Qe5 28. a6 Qc5 29. Qd2 Qb6 30. Qe3 Qxe3 31. fxe3 bxa6 32. bxa6 Kf8 33. Kg2 Ke7
34. Rb1 Rc8 35. Rb2 Rc3 36. Kf2 Rc6 37. Be2 Kd7 38. Bd3 Kc7 39. e4 fxe4 40. fxe4
f6 41. Ke3 Rb6 42. Rxb6 Kxb6 43. Kd4 Nb5+ 44. Kd5 Nc7+ 45. Kd6 Nxa6 46. e5 fxe5
47. Kxe5 Nb4 48. Bc4 a5 49. Bg8 h6 50. Bb3 Nd3+ 51. Kf6 Nf4 52. Kg7 h5 53. Kh6
Kb5 54. Kg5 Kb4 55. Bf7 Ne2 56. Be8 Nd4 57. Kxg6 h4 58. Kh5 Nb5 59. Kxh4 a4 60.
Kg4 a3 61. Bf7 Nd4 62. Ba2 Ne2 63. h4 Nc1 64. h5 Nxa2 65. h6 Nc3 66. h7 a2 67.
h8=Q a1=Q 68. Qd4+ Kb5 69. Qe5+ Kc4 70. Qf4+ Kd5 71. Qf5+ Kd6 72. Qf6+ Kc5 73.
Qe5+ Kc4 74. Qf4+ Kb5 75. Qe5+ Ka4 76. Qd4+ Kb3 77. Qb6+ Kc4 78. Qc6+ Kd3 79.
Qf3+ Kd2 80. Qf4+ Kc2 81. Qf2+ Kc1 82. Qe3+ Kb2 83. Qf2+ Kb1 84. Qg1+ Ka2 85.
Qxa1+ Kxa1 1/2-1/2

[Event "45th Olympiad 2024"]
[Site "Budapest HUN"]
[Date "2024.09.14"]
[Round "4.17"]
[Board "4"]
[White "Nisipeanu, Liviu-Dieter"]
[Black "Apol, Luitjen Akselsson"]
[Result "1-0"]
[WhiteTitle "GM"]
[WhiteElo "2580"]
[BlackElo "2219"]
[WhiteTeam "Romania"]
[BlackTeam "Faroe Islands"]
[WhiteFideId "1202758"]
[BlackFideId "7202466"]
[EventDate "2024.09.11"]

1. e4 c5 2. Nf3 d6 3. Bc4 Nf6 4. d3 e6 5. O-O Be7 6. Nbd2 O-O 7. a4 d5 8. Ba2
Nc6 9. c3 b6 10. Re1 Qc7 11. e5 Nd7 12. d4 Ba6 13. Bb1 Rfc8 14. Nf1 Nf8 15. h4
Qd8 16. h5 cxd4 17. cxd4 Nb4 18. Ne3 Rc6 19. Ra3 Rac8 20. Bd2 Bc4 21. Ng4 a5 22.
Nfh2 Nd7 23. Qf3 Qf8 24. Qf4 Ba6 25. Rg3 Kh8 26. Bc3 b5 27. axb5 Bxb5 28. Rf3
Kg8 29. Qg3 Kh8 30. Bg6 fxg6 31. Rxf8+ Nxf8 32. h6 a4 33. Qf4 gxh6 34. Bxb4 Bg5
35. Qg3 Rc1 36. Nf3 1-0

[Event "45th Olympiad 2024"]
[Site "Budapest HUN"]
[Date "2024.09.14"]
[Round "4.18"]
[Board "1"]
[White "Rodshtein, Maxim"]
[Black "Ashiku, Franc"]
[Result "1-0"]
[WhiteTitle "GM"]
[BlackTitle "IM"]
[WhiteElo "2600"]
[BlackElo "2400"]
[WhiteTeam "Israel"]
[BlackTeam "Albania"]
[WhiteFideId "2806851"]
[BlackFideId "4700066"]
[EventDate "2024.09.11"]

1. c4 e6 2. Nf3 d5 3. g3 Nf6 4. Bg2 Bd6 5. O-O O-O 6. d4 h6 7. Qc2 Nc6 8. Bd2
Re8 9. Rd1 Bf8 10. Be1 dxc4 11. Na3 Bxa3 12. bxa3 Qe7 13. Qxc4 Qxa3 14. Ne5 Bd7
15. Rab1 Rab8 16. Nxd7 Nxd7 17. Rxb7 Na5 18. Qb4 Qxb4 19. Rxb4 Rxb4 20. Bxb4 Nc4
21. Rc1 Ndb6 22. e3 a5 23. Be1 Rc8 24. Bb7 Rb8 25. Ba6 Nd6 26. Rxc7 Nd5 27. Rc6
Rb1 28. Kf1 Nf5 29. Bd3 Ra1 30. Rc8+ Kh7 31. g4 Nb4 32. Be4 g6 33. gxf5 gxf5 34.
Bc2 Kg7 35. Ke2 Rxa2 36. Bxb4 axb4 37. Kf3 Rb2 38. Bd3 Rd2 39. Bc2 Kf6 40. Rc4 1-0

[Event "45th Olympiad 2024"]
[Site "Budapest HUN"]
[Date "2024.09.14"]
[Round "4.18"]
[Board "3"]
[White "Smirin, Ilia"]
[Black "Mehmeti, Dritan"]
[Result "1-0"]
[WhiteTitle "GM"]
[BlackTitle "IM"]
[WhiteElo "2575"]
[BlackElo "2364"]
[WhiteTeam "Israel"]
[BlackTeam "Albania"]
[WhiteFideId "2801990"]
[BlackFideId "4700600"]
[EventDate "2024.09.11"]

1. Nf3 Nf6 2. g3 e6 3. Bg2 d5 4. O-O c5 5. d3 Nc6 6. Nbd2 Be7 7. e4 O-O 8. e5
Nd7 9. Re1 b5 10. Nf1 Re8 11. h4 Bf8 12. Bf4 Bb7 13. h5 h6 14. N1h2 b4 15. g4 f6
16. exf6 Qxf6 17. Qc1 e5 18. Bg3 Nd4 19. Nh4 e4 20. c3 Ne6 21. dxe4 dxe4 22.
Bxe4 Bxe4 23. Rxe4 Ng5 24. Rxe8 Rxe8 25. cxb4 Re4 26. Qd1 Qxb2 27. bxc5 Bxc5 28.
Qd5+ Kh7 29. Qf5+ Kg8 30. Qd5+ Kh7 31. Rf1 Qd4 32. Qf5+ Kg8 33. N2f3 Qd3 34. Kg2
Nxf3 35. Nxf3 Bf8 36. g5 Re3 37. Qg4 Re4 38. Rd1 Qxd1 39. Qxe4 hxg5 40. Qe6+ Kh8
41. Qf7 Bc5 42. h6 gxh6 43. Be5+ 1-0

[Event "45th Olympiad 2024"]
[Site "Budapest HUN"]
[Date "2024.09.14"]
[Round "4.18"]
[Board "4"]
[White "Veleshnja, Zino"]
[Black "Postny, Evgeny"]
[Result "0-1"]
[WhiteTitle "FM"]
[BlackTitle "GM"]
[WhiteElo "2294"]
[BlackElo "2577"]
[WhiteTeam "Albania"]
[BlackTeam "Israel"]
[WhiteFideId "4701313"]
[BlackFideId "2804344"]
[EventDate "2024.09.11"]

1. d4 Nf6 2. c4 e6 3. Nc3 Bb4 4. g3 Bxc3+ 5. bxc3 d6 6. Nf3 O-O 7. Bg2 Nc6 8.
O-O Rb8 9. Qd3 b6 10. Nd2 Qd7 11. c5 bxc5 12. dxc5 Ne5 13. Qd4 Bb7 14. cxd6 Bxg2
15. Kxg2 cxd6 16. Nf3 Nc6 17. Qh4 Ne7 18. Rd1 Nf5 19. Qh3 Ne4 20. g4 Ne7 21. Ng5
Nxg5 22. Bxg5 Ng6 23. Qg3 f6 24. Be3 e5 25. f3 Rfc8 26. Qe1 Rb2 27. Rd2 Rxd2 28.
Qxd2 Ne7 29. Rd1 d5 30. Bf2 Qc6 31. Qe3 a6 32. Rd3 d4 33. Qc1 Nd5 34. e3 dxc3
35. Qc2 Qc4 36. a3 Rb8 37. Rd1 Rb2 38. Qc1 Qe2 0-1

[Event "45th Olympiad 2024"]
[Site "Budapest HUN"]
[Date "2024.09.14"]
[Round "4.20"]
[Board "1"]
[White "Kozak, Adam"]
[Black "Tran, Thanh Tu"]
[Result "0-1"]
[WhiteTitle "GM"]
[BlackTitle "CM"]
[WhiteElo "2609"]
[BlackElo "2387"]
[WhiteTeam "Hungary B"]
[BlackTeam "Japan"]
[WhiteFideId "753246"]
[BlackFideId "12401404"]
[EventDate "2024.09.11"]

1. d4 Nf6 2. c4 e6 3. Nc3 Bb4 4. e3 O-O 5. Bd3 d5 6. a3 Bxc3+ 7. bxc3 dxc4 8.
Bxc4 c5 9. Ne2 Nbd7 10. O-O e5 11. Bb2 Qc7 12. Ba2 c4 13. a4 b6 14. f3 a6 15.
Bb1 Bb7 16. e4 b5 17. Qe1 Rfe8 18. Bc2 Bc6 19. a5 Rab8 20. d5 Bb7 21. Qd2 Bc8
22. Kh1 h6 23. Ng3 Nf8 24. Ba3 Ng6 25. Bb4 Nf4 26. Rad1 g5 27. Ne2 Ng6 28. Qe3
Bd7 29. Rf2 Kh7 30. Qd2 Qa7 31. Ng3 Rg8 32. Nf1 Nf4 33. Ne3 Rbe8 34. g3 Nh3 35.
Rg2 h5 36. Rf1 Rg6 37. Nd1 h4 38. g4 Nf4 39. Rgf2 Qc7 40. Ne3 Rgg8 41. Qc1 Rc8
42. Re1 Ne8 43. Qa3 Rg6 44. d6 Qa7 45. Rd2 Rc6 46. Nd5 Nf6 47. Nb6 h3 48. Bc5
Qb7 49. Kg1 Kh6 50. Be3 Ne8 51. Red1 Rf6 52. Rf2 Kg7 53. Nd5 Rfxd6 54. Rfd2 Bxg4
55. fxg4 Qd7 56. Rf1 Qxg4+ 57. Kf2 Nxd5 58. exd5 Rf6+ 59. Ke1 Rxf1+ 60. Kxf1
Rf6+ 61. Ke1 Qf3 62. Re2 Qh1+ 63. Kd2 Rf1 64. Bf2 Qxd5+ 65. Ke3 Nf6 66. Bf5 Ng4+ 0-1

[Event "45th Olympiad 2024"]
[Site "Budapest HUN"]
[Date "2024.09.14"]
[Round "4.20"]
[Board "2"]
[White "Nanjo, Ryosuke"]
[Black "Banusz, Tamas"]
[Result "0-1"]
[WhiteTitle "IM"]
[BlackTitle "GM"]
[WhiteElo "2372"]
[BlackElo "2605"]
[WhiteTeam "Japan"]
[BlackTeam "Hungary B"]
[WhiteFideId "7000634"]
[BlackFideId "722413"]
[EventDate "2024.09.11"]

1. e4 c5 2. Nf3 Nc6 3. Bb5 Nf6 4. Nc3 Nd4 5. e5 Nxb5 6. Nxb5 Nd5 7. Ng5 f6 8.
Qf3 Nc7 9. exf6 exf6 10. Qh5+ g6 11. Qe2+ Ne6 12. Nxe6 dxe6 13. b3 e5 14. Bb2
Bh6 15. O-O-O O-O 16. h4 Be6 17. g4 Bf4 18. g5 a6 19. Nc3 fxg5 20. hxg5 Qxg5 21.
Rdg1 Qe7 22. Ne4 Rad8 23. Kb1 Bd5 24. d3 Rd7 25. Rh5 Rf7 26. Nd2 Rd6 27. Ne4
Bxe4 28. Qxe4 Re6 29. Rh3 Qd7 30. Rh4 Qc6 31. Qe2 Rf5 32. Rgh1 h5 33. Rg1 Kf7
34. Bc3 b5 35. a3 Qd5 36. f3 b4 37. axb4 cxb4 38. Bxb4 a5 39. Ba3 Rb6 40. Qe4
Qxe4 41. dxe4 Rff6 42. Rd1 Bg3 43. Rd7+ Kg8 44. Rh1 Rxf3 45. Ra7 Rbf6 46. Ka2
Rf1 47. Ra8+ Kg7 48. Rh3 h4 49. Be7 R6f4 50. Rxa5 Rxe4 51. Ra4 Rff4 52. Rxe4
Rxe4 53. Ka3 Kf7 54. Bd8 Rd4 55. Bg5 Ke6 56. b4 Kf5 57. Be7 g5 58. b5 g4 59. Rh1
h3 60. b6 e4 61. Rf1+ Ke6 62. Bf6 Bd6+ 63. Ka2 Ra4+ 64. Kb3 Rb4+ 65. Kc3 Rxb6
66. Bh4 g3 67. Bxg3 Bxg3 68. Kd4 Rb4+ 69. c4 Be5+ 70. Kxe4 Rxc4+ 71. Kf3 Rf4+
72. Ke2 Rxf1 73. Kxf1 Bd4 0-1

[Event "45th Olympiad 2024"]
[Site "Budapest HUN"]
[Date "2024.09.14"]
[Round "4.21"]
[Board "1"]
[White "Zhakshylykov, Erzhan"]
[Black "Fedoseev, Vladimir3"]
[Result "0-1"]
[WhiteTitle "IM"]
[BlackTitle "GM"]
[WhiteElo "2327"]
[BlackElo "2692"]
[WhiteTeam "Kyrgyzstan"]
[BlackTeam "Slovenia"]
[WhiteFideId "13804111"]
[BlackFideId "24130737"]
[EventDate "2024.09.11"]

1. d4 d5 2. c4 e6 3. Nc3 Bb4 4. cxd5 exd5 5. Nf3 c5 6. Bd2 Nf6 7. dxc5 Bxc5 8.
e3 Nc6 9. Be2 O-O 10. O-O a6 11. Rc1 Qd6 12. Qc2 Ba7 13. Rfd1 Be6 14. Be1 Rac8
15. Qa4 Rfd8 16. Qh4 h6 17. Nd4 Nxd4 18. exd4 Re8 19. Bd3 Bg4 20. f3 Bxd4+ 21.
Kh1 Be3 22. fxg4 Bxc1 23. Rxc1 d4 24. Bg3 Qb4 25. Rf1 dxc3 26. Rxf6 c2 0-1

[Event "45th Olympiad 2024"]
[Site "Budapest HUN"]
[Date "2024.09.14"]
[Round "4.21"]
[Board "2"]
[White "Demchenko, Anton"]
[Black "Khoroshev, Nikita"]
[Result "1-0"]
[WhiteTitle "GM"]
[BlackTitle "IM"]
[WhiteElo "2597"]
[BlackElo "2355"]
[WhiteTeam "Slovenia"]
[BlackTeam "Kyrgyzstan"]
[WhiteFideId "4160258"]
[BlackFideId "14200287"]
[EventDate "2024.09.11"]

1. e4 e6 2. Nc3 d5 3. Nf3 Nc6 4. Bb5 Nf6 5. e5 Ne4 6. Qe2 Nxc3 7. dxc3 Bd7 8.
O-O h6 9. Rd1 Ne7 10. Bd3 c5 11. c4 Qc7 12. cxd5 exd5 13. c4 O-O-O 14. b4 Be6
15. Bb2 Nc6 16. cxd5 Rxd5 17. b5 Na5 18. Rdc1 Be7 19. Qc2 Rhd8 20. Be4 R5d7 21.
Bf5 Qb6 22. Bxe6 Qxe6 23. h3 Kb8 24. Bc3 Nc4 25. a4 Nb6 26. Ba5 Rd3 27. Qe2 c4
28. Rc2 Qd5 29. Re1 Rc8 30. e6 fxe6 31. Ne5 Bc5 32. Bxb6 axb6 33. Nxc4 Rd4 34.
Rec1 Rf8 35. Ne3 Qg5 36. Rc4 e5 37. Rf1 Rdf4 38. Rxf4 exf4 39. Ng4 f3 40. gxf3
h5 41. Qe5+ Qxe5 42. Nxe5 Rf4 43. Rc1 Bd4 44. Nd7+ Ka7 45. Rd1 Bb2 46. Rd2 Ba1
47. Kg2 h4 48. Rd3 Bb2 49. Rb3 Bd4 50. Rb4 g5 51. Rc4 Ka8 52. Kf1 Ka7 53. Ke2
Ka8 54. Kd3 Rxf3+ 55. Kxd4 Rf4+ 56. Ke3 1-0

[Event "45th Olympiad 2024"]
[Site "Budapest HUN"]
[Date "2024.09.14"]
[Round "4.22"]
[Board "1"]
[White "Brkic, Ante"]
[Black "Saraci, Nderim"]
[Result "1-0"]
[WhiteTitle "GM"]
[BlackTitle "IM"]
[WhiteElo "2642"]
[BlackElo "2446"]
[WhiteTeam "Croatia"]
[BlackTeam "Kosovo"]
[WhiteFideId "14506688"]
[BlackFideId "6351921"]
[EventDate "2024.09.11"]

1. e4 e5 2. Nf3 Nc6 3. Bb5 a6 4. Ba4 Nf6 5. d3 b5 6. Bb3 Be7 7. a4 Rb8 8. axb5
axb5 9. O-O O-O 10. Re1 d6 11. c3 b4 12. h3 Nd7 13. d4 Bf6 14. Be3 Ne7 15. Nbd2
bxc3 16. bxc3 Ng6 17. Nc4 exd4 18. cxd4 Bb7 19. Bc2 Re8 20. Na5 Ba8 21. Ra3 d5
22. e5 Be7 23. Ra1 c5 24. Ba4 cxd4 25. Nxd4 Ngxe5 26. Bf4 Bb4 27. Bxd7 Bxe1 28.
Bxe8 Bxf2+ 29. Kxf2 Qf6 30. Kg3 Rxe8 31. Bxe5 Qxe5+ 32. Kf2 Qe3+ 33. Kf1 Re4 34.
Nf3 h6 35. Qc2 d4 36. Nc4 1-0

[Event "45th Olympiad 2024"]
[Site "Budapest HUN"]
[Date "2024.09.14"]
[Round "4.22"]
[Board "2"]
[White "Ondozi, Murtez"]
[Black "Martinovic, Sasa"]
[Result "0-1"]
[WhiteTitle "FM"]
[BlackTitle "GM"]
[WhiteElo "2371"]
[BlackElo "2563"]
[WhiteTeam "Kosovo"]
[BlackTeam "Croatia"]
[WhiteFideId "937576"]
[BlackFideId "14509792"]
[EventDate "2024.09.11"]

1. c4 e6 2. d4 Nf6 3. Nf3 d5 4. Nc3 dxc4 5. e3 a6 6. Bxc4 b5 7. Be2 Bb7 8. O-O
Nbd7 9. b3 Bd6 10. Bb2 O-O 11. Nd2 c5 12. Bf3 cxd4 13. exd4 Qb8 14. Bxb7 Qxb7
15. Qe2 Rac8 16. Rac1 Rfd8 17. g3 Bb4 18. a3 Bxc3 19. Rxc3 Rxc3 20. Bxc3 Rc8 21.
Qd3 Qd5 22. Bb2 h5 23. Qb1 h4 24. Rc1 Rd8 25. Qc2 h3 26. Qc6 Qg5 27. f4 Qf5 28.
Qc2 Qd5 29. Qc6 Qh5 30. Qf3 Qf5 31. Qe2 Nb6 32. Rc5 Nbd5 33. Rc6 b4 34. axb4
Nxb4 35. Rc4 a5 36. Ba3 Qd5 37. Qf3 Qb5 38. Qf1 Qb6 39. Nf3 Nbd5 40. Qd3 Qb7 41.
Rc5 Nb4 42. Qe2 Nc6 43. Rb5 Qa6 44. Bc5 Na7 45. Bxa7 Qxa7 46. Qd2 Qa8 47. Qd3 g6
48. Qe2 Rc8 49. Rc5 Rb8 50. Qc2 Qxf3 0-1

[Event "45th Olympiad 2024"]
[Site "Budapest HUN"]
[Date "2024.09.14"]
[Round "4.22"]
[Board "3"]
[White "Livaic, Leon"]
[Black "Uruci, Endrit"]
[Result "1-0"]
[WhiteTitle "GM"]
[BlackTitle "FM"]
[WhiteElo "2550"]
[BlackElo "2348"]
[WhiteTeam "Croatia"]
[BlackTeam "Kosovo"]
[WhiteFideId "14531534"]
[BlackFideId "22100199"]
[EventDate "2024.09.11"]

1. Nf3 Nf6 2. c4 c6 3. Nc3 d5 4. e3 e6 5. b3 Be7 6. Bb2 b6 7. d4 Bb7 8. Bd3 O-O
9. O-O Nbd7 10. Qe2 Rc8 11. Rad1 Qc7 12. e4 dxe4 13. Nxe4 Rfd8 14. Neg5 Rf8 15.
Ne5 h6 16. Ngf3 Rfe8 17. Bb1 Nxe5 18. dxe5 Nh7 19. Nd4 a6 20. Qh5 c5 21. Ne2 Nf8
22. Ng3 Rcd8 23. Rde1 b5 24. Qg4 bxc4 25. Nh5 g6 26. bxc4 Qc6 27. f3 Kh8 28. Nf6
Bxf6 29. exf6 Qd6 30. Qh3 Qf4 31. Be5 Qg5 32. f4 Qh5 33. Qxh5 gxh5 34. Bc3 Nd7
35. Rd1 Nb6 36. Bd3 Rg8 37. g3 h4 38. Kf2 Rd7 39. Be2 Rgd8 40. Rxd7 Rxd7 41. Ke3
Nc8 42. g4 Nd6 43. Be5 h5 44. Bxd6 Rxd6 45. g5 Rd4 46. Bd3 1-0

[Event "45th Olympiad 2024"]
[Site "Budapest HUN"]
[Date "2024.09.14"]
[Round "4.23"]
[Board "1"]
[White "Atabayev, Saparmyrat"]
[Black "Dragnev, Valentin"]
[Result "1/2-1/2"]
[WhiteTitle "IM"]
[BlackTitle "GM"]
[WhiteElo "2516"]
[BlackElo "2556"]
[WhiteTeam "Turkmenistan"]
[BlackTeam "Austria"]
[WhiteFideId "14000571"]
[BlackFideId "1634852"]
[EventDate "2024.09.11"]

1. e4 e5 2. Nf3 Nc6 3. Bb5 a6 4. Ba4 Nf6 5. O-O Be7 6. Re1 b5 7. Bb3 O-O 8. h3
Bb7 9. d3 Na5 10. Nbd2 d6 11. Nf1 Re8 12. Bd2 Nxb3 13. axb3 h6 14. Ng3 Bf8 15.
c4 g6 16. Qc1 Kh7 17. b4 Bg7 18. b3 Nd7 19. Nh2 Nf8 20. f4 exf4 21. Bxf4 Ne6 22.
Be3 Nd4 23. Qd1 f5 24. Ra2 Be5 25. Ne2 Nc6 26. Qd2 Bg7 27. Rf1 fxe4 28. d4 Qe7
29. Nf4 Rf8 30. Raa1 Rae8 31. Rac1 Nd8 32. d5 Bc8 33. Qc2 Rf7 34. Ne2 Ref8 35.
Rxf7 Rxf7 36. Rf1 Bd7 37. Qa2 bxc4 38. bxc4 Bc8 39. Qc2 Be5 40. Qc1 Rxf1+ 41.
Nxf1 Nf7 42. Nd4 Bg7 43. Qc2 Qh4 44. Bf2 Qe7 45. Be3 Qh4 46. Bf2 Qe7 47. Be3 Qh4 1/2-1/2

[Event "45th Olympiad 2024"]
[Site "Budapest HUN"]
[Date "2024.09.14"]
[Round "4.23"]
[Board "2"]
[White "Ragger, Markus"]
[Black "Annaberdiyev, Meylis"]
[Result "1/2-1/2"]
[WhiteTitle "GM"]
[BlackTitle "GM"]
[WhiteElo "2601"]
[BlackElo "2431"]
[WhiteTeam "Austria"]
[BlackTeam "Turkmenistan"]
[WhiteFideId "1610856"]
[BlackFideId "14000563"]
[EventDate "2024.09.11"]

1. d4 Nf6 2. c4 e6 3. Nc3 d5 4. cxd5 exd5 5. Bg5 c6 6. e3 Bd6 7. Bd3 O-O 8. Nge2
Re8 9. Qc2 h6 10. Bh4 a5 11. h3 Na6 12. a3 Nc7 13. O-O Ne6 14. Rad1 Ng5 15. f4
Ne6 16. Ng3 Nf8 17. e4 dxe4 18. Ngxe4 Be7 19. Bxf6 Bxf6 20. Nxf6+ Qxf6 21. d5
Bd7 22. Ne4 Qh4 23. Nd6 Re3 24. dxc6 bxc6 25. Bf5 Re7 26. Bxd7 Rxd7 27. Qxc6 Rb8
28. Nf5 Qd8 29. Rxd7 Qxd7 30. Qxd7 Nxd7 31. Rd1 Nc5 32. Ne7+ Kh7 33. Rd5 Ne6 34.
f5 Nf4 35. Rd2 Rb5 36. Kf2 Rb3 37. Nc6 Nd3+ 38. Ke2 Nxb2 39. Nd4 Rb7 40. Rc2
Re7+ 41. Kd2 Rd7 42. Kc3 Na4+ 43. Kd3 Nb6 44. Rc5 a4 45. Ra5 h5 46. g4 hxg4 47.
hxg4 g5 48. fxg6+ Kxg6 49. Ke4 Re7+ 50. Kf4 Rd7 51. Nf5 Rd3 52. Ra6 Rb3 53. Nd4
Rb1 54. Nf3 Kg7 55. Nd4 Kg6 56. Ra5 Rf1+ 57. Kg3 Rd1 58. Nf3 Rd3 59. Ra6 Rb3 60.
Kf4 Kg7 61. Nd4 Rb1 62. Kg5 f6+ 63. Kf4 Rf1+ 64. Kg3 Rg1+ 65. Kf2 Rb1 66. Ra7+
Kg6 67. Kg3 Rg1+ 68. Kf3 Rf1+ 69. Kg3 Rg1+ 70. Kh3 Rh1+ 71. Kg3 Rg1+ 72. Kf4
Rf1+ 73. Nf3 Rh1 74. Kg3 Rh7 75. Nh4+ Kh6 76. Nf5+ Kg6 77. Nh4+ Kh6 78. Nf5+ Kg6
79. Ra6 Rb7 80. Kh4 Rh7+ 81. Kg3 Rb7 82. Ra5 Rc7 83. Ra6 Rb7 84. Nd6 Rb8 85. Ne4
Nd5 86. Rxa4 Rb3+ 87. Kf2 Nc3 88. Nxc3 Rxc3 89. Ra5 Rb3 90. Kg2 Rc3 91. Kh2 Rb3
92. Kg2 Rc3 93. Kf2 Rb3 94. a4 Ra3 95. Ke2 Rg3 96. Ra8 Kg7 97. a5 Rxg4 98. a6
Ra4 99. Kd3 f5 100. Ke3 Kh7 101. Kf3 Kg7 102. a7 Kh7 103. Rf8 Rxa7 104. Rxf5 1/2-1/2

[Event "45th Olympiad 2024"]
[Site "Budapest HUN"]
[Date "2024.09.14"]
[Round "4.23"]
[Board "3"]
[White "Hommadov, Amanmuhammet"]
[Black "Horvath, Dominik"]
[Result "1/2-1/2"]
[BlackTitle "GM"]
[WhiteElo "2181"]
[BlackElo "2559"]
[WhiteTeam "Turkmenistan"]
[BlackTeam "Austria"]
[WhiteFideId "14005514"]
[BlackFideId "1642561"]
[EventDate "2024.09.11"]

1. e4 e5 2. Nf3 Nc6 3. Bb5 a6 4. Ba4 Nge7 5. O-O Ng6 6. c3 d5 7. exd5 Qxd5 8. d4
Bg4 9. Bb3 Bxf3 10. Bxd5 Bxd1 11. Rxd1 O-O-O 12. Bxf7 exd4 13. cxd4 Nxd4 14. Nc3
Ne2+ 15. Kf1 Rxd1+ 16. Nxd1 Nxc1 17. Rxc1 Bd6 18. g3 Ne5 19. Be6+ Kb8 20. Ne3
Re8 21. Bd5 Nd3 22. Rc3 Nb4 23. Bb3 Be5 24. Rc4 Nd3 25. Bc2 Rd8 26. Bxd3 Rxd3
27. Ke2 Rd7 28. b3 b5 29. Rc5 Bd4 30. Rd5 Rxd5 31. Nxd5 Kb7 32. f4 Kc6 33. Nb4+
Kd6 34. Nxa6 c5 35. a4 bxa4 36. bxa4 Kc6 37. Kd3 Bg1 38. Kc4 Bxh2 39. Nxc5 Bxg3
40. Ne6 h5 41. Nxg7 Bxf4 42. Nxh5 1/2-1/2

[Event "45th Olympiad 2024"]
[Site "Budapest HUN"]
[Date "2024.09.14"]
[Round "4.24"]
[Board "1"]
[White "Zambrana, Osvaldo"]
[Black "Peralta, Fernando"]
[Result "0-1"]
[WhiteTitle "GM"]
[BlackTitle "GM"]
[WhiteElo "2405"]
[BlackElo "2558"]
[WhiteTeam "Bolivia"]
[BlackTeam "Argentina"]
[WhiteFideId "3300200"]
[BlackFideId "105309"]
[EventDate "2024.09.11"]

1. e4 e6 2. d4 d5 3. Nd2 c5 4. Ngf3 cxd4 5. exd5 Qxd5 6. Bc4 Qd8 7. O-O Nc6 8.
Nb3 a6 9. Nbxd4 Nxd4 10. Nxd4 Qc7 11. Qe2 Bd6 12. Kh1 Ne7 13. Bb3 O-O 14. Nf3 b5
15. Ng5 Bb7 16. Qd3 Ng6 17. h4 Bf4 18. Rg1 Rad8 19. Qh3 Bxc1 20. Raxc1 Rd4 21.
h5 Rh4 22. hxg6 Qf4 23. gxf7+ Rxf7 24. Bxe6 Qxg5 25. f3 Rxh3+ 26. Bxh3 Rxf3 27.
Be6+ Rf7 0-1